Pokemon Anagrams#Johto - Statistics

General Stats
  • This quiz has been taken 167 times
  • The average score is 10 of 15
Answer Stats
Hint Answer % Correct
Lefeyab Bayleef
82%
Pohpip Hoppip
82%
Roweaf Fearow
81%
Fokfing Koffing
80%
Spara Paras
80%
Sipnir Pinsir
80%
Flecfa Cleffa
78%
Xilstee Steelix
73%
Afyfflaa Flaaffy
64%
Liraml Marill
61%
Paimo Aipom
59%
Trufer Furret
59%
Dliean Ledian
50%
Dihdso Oddish
42%
Copeni Pineco
38%
No matching quizzes found
Score Distribution
Percent of People with Each Score
Percentile by Number Answered
Your Score History
You have not taken this quiz